| 000 | 00962nam0a22002531 4500 | ||
|---|---|---|---|
| 001 | rc\2720629 | ||
| 005 | 20260407145538.0 | ||
| 035 | _a(NLR Aleph) 006848335 | ||
| 090 |
_a6719303 _c6719303 |
||
| 100 | _a20110915d1938 |||y0rusy50 ca | ||
| 101 | 0 | _arus | |
| 102 | _aRU | ||
| 105 | _aa z ||||| | ||
| 200 | 1 |
_aСтахановская работа электровозных бригад Сталинской железной дороги _fСост. Т. И. Макаров |
|
| 210 |
_aМосква _cИзд. и 1 тип. Трансжелдориздата _d1938 |
||
| 215 |
_a40 с. _cчерт. _d17 см. |
||
| 300 | _aВ выпускных данных: "Сост. Т. И. Макаров" | ||
| 702 | 1 |
_aМакаров _bТ.И. _4220 |
|
| 712 | 0 | 2 |
_aПриднепровская железная дорога _3RU\NLR\AUTH\8810022385 _9542777 |
| 801 | 0 |
_aRU _bNLR _gpsbo |
|
| 801 | 1 |
_aRU _bELAR _2rusmarc |
|
| 852 |
_aNLR _j38-9/1670 |
||
| 942 | _cBOOK | ||
| 980 | _aNB | ||